000 00556nam a2200205Ia 4500
005 20240801101958.0
008 131103s9999 xx 000 0 und d
040 _aLoreto College
041 _aEnglish
082 _a821.07
_bBAH
100 _aBahadur, Radhika Nath Bose
245 _aElements of english rhetoric and prosody
_cRadhika Nath Bose Bahadur
250 _a20th ed.
260 _aCalcutta
_bChuckervertty, Chatterjee
_c1978
300 _a239p.
504 _aIncludes index
650 _aEnglish poetry
850 _aLCBED
942 _cBK
999 _c29703
_d80182